000 00482nam a2200145Ia 4500
003 OSt
005 20260129095801.0
008 211028s2018 xx 000 0 und d
040 _cAIMIT LIBRARY
041 _aeng
100 _aDivya M K; Kamath, T Ramesh.
_g1616043
_97800
245 _aStudy on effeciancy of training and development on employees performance at Kerala State Rubber Co-Operative ltd (RUBCO) Kerala /
260 _aMangalore
_bBabu Thomas
_c2018
942 _2ddc
_cPRO
999 _c219368
_d219368